| 000 | 00973nas a2200289 i 4500 | ||
|---|---|---|---|
| 001 | 1814 | ||
| 003 | ES-MaACL | ||
| 005 | 20250724062552.0 | ||
| 007 | t| | ||
| 008 | 950801c1962 sp | | 1 ||pa d | ||
| 080 | _a81 | ||
| 245 | 0 | 0 |
_aRevista de cultura brasileña / _c[dir. Angel Crespo]. |
| 260 |
_aMadrid : _bServicio de Propaganda y Expansión Comercial de la Embajada del Brasil, _c1962- ( _fBenzal-Virtudes) |
||
| 300 |
_a12 v. : _bil. ; _c23 cm. |
||
| 310 | _aTrimestral | ||
| 362 | 0 | _aT. I (nº 1, jun.1962)- | |
| 500 | _aNo se publicó en 1972. | ||
| 650 | 7 |
_aCultura _2embne _9170963 |
|
| 655 | 7 |
_2tgfbne _9226866 _aRevistas |
|
| 700 | 1 |
_aCrespo, Ángel, _d1926-1995 _941513 |
|
| 710 | 1 |
_aBrasil. _bEmbajada (España) _92232 |
|
| 852 |
_aES-MaACL _jHEM-H-151 _dOlim: HEM-1217 _cHEM |
||
| 866 | 0 |
_o1962-1969(1970)1971.1973-81. _u1970(n.31-32) |
|
| 942 |
_2udc _cMONOGRAFIA |
||
| 999 |
_c1814 _d1814 |
||